Starting Letters of '-Land' Countries Quiz Stats

 Plays Quiz Updated Feb 20, 2020

Support Sporcle.
Go Orange.
Score 0/6 Timer 01:00
4 Plays Today
% Correct
???
76.8%
???
64.3%
???
63%
???
50.8%
???
46.7%
???
46.3%

From the Vault

Baby Names: 'B' Boy Names by Decade

by triplet_3

Believe it or not, this quiz has nothing to do with Break Dancing.
Remove Ads.
Support Sporcle.
Get the best of Sporcle when you Go Orange. This ad-free experience offers more features, more stats, and more fun while also helping to support Sporcle. Thank you for becoming a member.

Show Comments

Extras

Top Quizzes Today


Score Distribution

Your Account Isn't Verified!

In order to create a playlist on Sporcle, you need to verify the email address you used during registration. Go to your Sporcle Settings to finish the process.

Report this User

Report this user for behavior that violates our Community Guidelines.

Details: